El aporte bolivariano a la concepción de la identidad cultural e integración latinoamericana en el pensamiento de Leopoldo Zea; significación y actualidad /
Este artículo se basa en el análisis que Leopoldo Zea, presenta en el libro Simón Bolívar. Integración en la libertad.
Salvato in:
| Autore principale: | |
|---|---|
| Natura: | Sconosciuto |
| Lingua: | Spanish |
| Soggetti: | |
| Tags: |
Aggiungi Tag
Nessun Tag, puoi essere il primo ad aggiungerne!!
|
MARC
| LEADER | 00000 a2200000 4500 | ||
|---|---|---|---|
| 008 | 160210s2013 cu ||||| |||| 00| b spa d | ||
| 040 | |a CIICLA - UCR | ||
| 041 | |a spa | ||
| 100 | 1 | |a Medina Hernández, Odalys | |
| 245 | 1 | 0 | |a El aporte bolivariano a la concepción de la identidad cultural e integración latinoamericana en el pensamiento de Leopoldo Zea; significación y actualidad / |c Odalys Medina Hernández |
| 300 | |a 72-81 páginas | ||
| 520 | |a Este artículo se basa en el análisis que Leopoldo Zea, presenta en el libro Simón Bolívar. Integración en la libertad. | ||
| 600 | 1 | 4 | |a ZEA, LEOPOLDO |d 1912-2004 |
| 650 | 1 | 4 | |a IDENTIDAD CULTURAL |z AMERICA LATINA |
| 773 | 0 | |w CSIC000119004 |x 0047-1542 |d Santa Clara (Cuba), : Universidad Central "Marta Abreu" de Las Villas, 1958-. |t Islas |g Volumen 55, número 174: septiembre-diciembre, 2013 |q 72-81 páginas | |
| 942 | |2 ddc |c ARC | ||
| 999 | |c 4580 |d 4580 | ||
